|
|
|
|
| LEADER |
01056nam a22002417a 4500 |
| 001 |
AAL1180 |
| 003 |
BD-DhAAL |
| 005 |
20160312194455.0 |
| 008 |
160312s 1994bg ||||| |||| 00| 0 mul d |
| 040 |
|
|
|a BD-DhAAL
|c BD-DhAAL
|
| 082 |
|
|
|a 954/.140359
|
| 100 |
|
|
|a নাহার, সুলতানা
|9 18450
|
| 245 |
|
|
|a সংখ্যালঘু সম্প্রদায় :
|b প্রেক্ষাপটঃ বাংলাদেশ ও ভারত /
|c সুলতানা নাহার
|n প্রথম খন্ড
|
| 250 |
|
|
|a 1st ed.
|
| 260 |
|
|
|a ঢাকা :
|b ঢাকা পকাশন,
|c ১৯৯৪
|
| 300 |
|
|
|a ৩৩৬ পৃ. ;
|c ২২ সে.মি.
|
| 541 |
|
|
|e 1180
|
| 650 |
|
|
|a Communalism.
|x History.
|y Bengal
|z India
|9 18451
|
| 650 |
|
|
|a Communalism.
|9 18452
|
| 852 |
|
|
|a Savar Campus Library
|c General Shelf
|
| 942 |
|
|
|2 ddc
|c BK
|
| 999 |
|
|
|c 37080
|d 37080
|
| 952 |
|
|
|0 0
|1 0
|2 ddc
|4 0
|6 954_000000000000000__140359_NAH
|7 0
|9 58336
|a SCL
|b SCL
|c GEN
|d 2016-03-12
|g 150.00
|l 0
|o 954.140359 NAH
|p 3020001180
|r 2016-03-12
|t 1
|w 2016-03-12
|y BK
|